Vista normal Vista MARC

Entrada Topical Term

Número de registros utilizados en: 1

001 - CONTROL NUMBER

  • control field: 6766

003 - CONTROL NUMBER IDENTIFIER

  • control field: OSt

005 - DATE AND TIME OF LATEST TRANSACTION

  • control field: 20200707111303.0

008 - FIXED-LENGTH DATA ELEMENTS

  • fixed length control field: 200707|| aca||aabn | a|a d

040 ## - CATALOGING SOURCE

  • Original cataloging agency: OSt
  • Transcribing agency: OSt

150 ## - HEADING--TOPICAL TERM

  • Topical term or geographic name entry element: Novela Colombiana

670 ## - SOURCE DATA FOUND

  • Source citation: Work cat.: (OSt)3577: Díaz, Paul, 1984 autor 6765, La noche que cuelga de los tejados / , ©2013